Cartoon Characters - Statistics

General Stats
  • This quiz has been taken 170 times
  • The average score is 20 of 25
Answers on the Map
Answers color-coded by a green-red scale on the quiz's map according to % correct below.
 
Answer Stats
Answer % Correct
Batman
96%
Donald Duck
96%
Garfield
96%
Mickey Mouse
96%
Spiderman
96%
SpongeBob SquarePants
96%
Scooby
95%
Winnie the Pooh
95%
Tom
94%
Bart Simpson
91%
Homer Simpson
91%
Patrick Star
91%
Bugs Bunny
90%
Popeye
90%
Fred Flintstone
84%
Tweety
83%
Jerry
82%
Curious George
77%
Daffy Duck
72%
Shaggy
72%
Woody Woodpecker
60%
Wile E. Coyote
49%
Beavis
48%
Butt-Head
48%
Felix the Cat
35%
No matching quizzes found
Score Distribution
Percent of People with Each Score
Percentile by Number Answered
Your Score History
You have not taken this quiz